000 00586nam a2200217Ia 4500
005 20250508164612.0
008 008 250505s9999 xx 000 0 hin d
020 _a81-85828-18-0
037 _aTextual
040 _aFEDL
_beng
_cFEDL
041 _ahin
_2eng
084 _a491.43, SIN
_qFEDL
100 _aSingh Suraj Bhan
_9411583
245 0 _aHindi bhasha : Sandarbh aur sanrachna
260 _aDelhi, India
_bSahitya Sahankar
_c1991
300 _a376p.
365 _aINR
_b175
546 _aMACESE
942 _cTEXL
_h491.43, SIN
999 _c1390086
_d1390086